| 000 | 00333 a2200133 4500 | ||
|---|---|---|---|
| 082 | _a363.7 | ||
| 090 |
_c1265 _d1265 |
||
| 100 | _aPandey,G N | ||
| 245 |
_aEnvironmental Management _cG N Pandey |
||
| 260 |
_aNew Delhi _bVikas Publishing house pvt LTD _c1997 |
||
| 300 | _a398P | ||
| 500 | _aHard cover | ||
| 942 |
_aNBS _cBK _k363.7 PAN |
||
| 999 |
_c343790 _d343790 |
||